Programa d'activitats escolars : curs 2009-2010 curs 2009-2010
Descripción Física:
135 p. ; 21 cm
MARC
| LEADER | 00000nam a2200000Ia 4500 | ||
|---|---|---|---|
| 001 | 24375 | ||
| 008 | 160829s2009 xx 000 0 cat d | ||
| 080 | |a Bib-236 | ||
| 100 | |a Consell de Coordinació Pedagògica |9 41277 | ||
| 245 | |a Programa d'activitats escolars : |b curs 2009-2010 | ||
| 260 | |a Barcelona : |b Ajuntament de Barcelona. Institut d'Educació, |c 2009 | ||
| 300 | |a 135 p. ; |c 21 cm | ||
| 650 | |a Educació |x Barcelona |9 41278 | ||
| 650 | |a Projecte educatiu |9 39239 | ||
| 650 | |a Activitats culturals |9 41279 | ||
| 710 | 2 | |a Institut Municipal d'Educació (Barcelona, Catalunya) |9 56273 | |
| 901 | |a Arxiu | ||
| 942 | |n 1 | ||
| 952 | |0 0 |1 0 |4 0 |6 BIB236 |7 1 |9 55963 |a Arxiu |b Arxiu |d 2016-12-01 |l 0 |o Bib-236 |p 24375 |r 2016-12-01 00:00:00 |w 2016-12-01 |y ARXIU | ||
| 999 | |c 59836 |d 59836 | ||